[Event "Mitropa Cup 22nd"]
[Site "Pula"]
[Date "2003.05.23"]
[Round "7"]
[White "Tratar, Marko"]
[Black "Gozzoli, Yannick"]
[Result "1/2-1/2"]
[WhiteElo "2464"]
[BlackElo "2431"]
[PlyCount "152"]
[EventDate "2003.05.17"]
[EventType "team-tourn"]
[EventRounds "9"]
[EventCountry "CRO"]
[Source "ChessBase"]
[SourceDate "2003.07.09"]

1. d4 Nf6 2. Nf3 g6 3. c4 Bg7 4. Nc3 O-O 5. e4 d6 6. Be2 Bg4 7. Be3 Nfd7 8. Rc1
c5 9. d5 Bxf3 10. Bxf3 Na6 11. O-O Nc7 12. Be2 b5 13. cxb5 a6 14. a4 axb5 15.
axb5 Ra5 16. Qd2 Qa8 17. Bh6 Rb8 18. Bxg7 Kxg7 19. Rfe1 Nxb5 20. Bxb5 Raxb5 21.
Nxb5 Rxb5 22. Qc3+ f6 23. b3 Qb7 24. Re3 Rb4 25. Ra1 Qb6 26. h3 g5 27. g3 Ne5
28. Kg2 g4 29. Ra4 gxh3+ 30. Kxh3 Qb5 31. Ra1 c4 32. bxc4 Nxc4 33. Ree1 Rb3 34.
Qc1 Ne5 35. Qc7 Ng6 36. Kg2 h5 37. Qa5 Qd7 38. Ra3 Nf4+ 39. gxf4 Qh3+ 40. Kg1
Rxa3 41. Qd8 Qg4+ 42. Kf1 Qxf4 43. Qxe7+ Kg6 44. Qe8+ Kg5 45. Qg8+ Kh4 46. Qg2
Qg4 47. Rc1 Ra7 48. Qxg4+ Kxg4 49. Kg2 Kf4 50. Rc6 Rg7+ 51. Kh3 Ke5 52. f3 f5
53. exf5 Rf7 54. Rc8 Rxf5 55. Kg3 Kxd5 56. f4 Ke4 57. Re8+ Kd4 58. Re1 d5 59.
Kf3 Kc3 60. Rc1+ Kd2 61. Rc5 Kd3 62. Ra5 Kc4 63. Ra4+ Kb5 64. Ra8 Kc4 65. Ra4+
Kb3 66. Ra8 h4 67. Kg4 Rf7 68. f5 d4 69. Rh8 d3 70. Rxh4 Rg7+ 71. Kf4 Rg1 72.
Rh2 Kc4 73. f6 Kd4 74. Kf5 Ke3 75. Rh3+ Kd4 76. Rxd3+ Kxd3 1/2-1/2

[Event "Mitropa Cup 22nd"]
[Site "Pula"]
[Date "2003.05.23"]
[Round "7"]
[White "Wirig, Anthony"]
[Black "Borisek, Jure"]
[Result "1/2-1/2"]
[WhiteElo "2347"]
[BlackElo "2422"]
[PlyCount "33"]
[EventDate "2003.05.17"]
[EventType "team-tourn"]
[EventRounds "9"]
[EventCountry "CRO"]
[Source "ChessBase"]
[SourceDate "2003.07.09"]

1. c4 c5 2. g3 g6 3. Bg2 Bg7 4. Nc3 Nc6 5. a3 d6 6. Nf3 Nf6 7. Rb1 a5 8. d3 O-O
9. O-O Ne8 10. Bd2 Nc7 11. Ne1 Bd7 12. Nc2 Rb8 13. b4 axb4 14. axb4 cxb4 15.
Nxb4 Nxb4 16. Rxb4 b5 17. Nxb5 1/2-1/2

[Event "Mitropa Cup 22nd"]
[Site "Pula"]
[Date "2003.05.23"]
[Round "7"]
[White "Zelcic, Robert"]
[Black "Naumann, Alexander"]
[Result "1-0"]
[WhiteElo "2540"]
[BlackElo "2524"]
[PlyCount "91"]
[EventDate "2003.05.17"]
[EventType "team-tourn"]
[EventRounds "9"]
[EventCountry "CRO"]
[Source "ChessBase"]
[SourceDate "2003.07.09"]

1. e4 c6 2. d4 d5 3. Nc3 dxe4 4. Nxe4 Bf5 5. Ng3 Bg6 6. h4 h6 7. f4 e6 8. Nf3
Nf6 9. Ne5 Bh7 10. Bd3 Bxd3 11. Qxd3 Nbd7 12. Bd2 c5 13. O-O-O Be7 14. Bc3 O-O
15. Qf3 Qc7 16. Nxd7 Qxd7 17. dxc5 Qa4 18. Kb1 Qb5 19. Ne4 Nxe4 20. Qxe4 Qxc5
21. Rd7 Rfd8 22. Rxb7 Rd5 23. Qf3 Rad8 24. b4 Qd6 25. Be5 Rd1+ 26. Kb2 Rxh1 27.
Bxd6 Bxd6 28. g3 Re1 29. Qc3 Re4 30. a3 e5 31. Qd3 Rd4 32. Qf5 Rf8 33. c3 Rd2+
34. Kc1 Rf2 35. Rd7 exf4 36. g4 Bb8 37. Qd5 f3 38. Rd8 Bf4+ 39. Kd1 Rf1+ 40.
Kc2 Rf2+ 41. Kb3 Rxd8 42. Qxd8+ Kh7 43. Qd5 Bg3 44. h5 f6 45. a4 Be5 46. b5 1-0

[Event "Mitropa Cup 22nd"]
[Site "Pula"]
[Date "2003.05.24"]
[Round "8"]
[White "Arlandi, Ennio"]
[Black "Gallagher, Joseph G"]
[Result "1-0"]
[WhiteElo "2456"]
[BlackElo "2515"]
[PlyCount "87"]
[EventDate "2003.05.17"]
[EventType "team-tourn"]
[EventRounds "9"]
[EventCountry "CRO"]
[Source "ChessBase"]
[SourceDate "2003.07.09"]

1. d4 Nf6 2. c4 g6 3. Nc3 Bg7 4. e4 d6 5. Nf3 O-O 6. Be2 e5 7. O-O Nc6 8. d5
Ne7 9. Nd2 a5 10. a3 Nd7 11. Rb1 f5 12. b4 Kh8 13. Qc2 Nf6 14. Rd1 axb4 15.
axb4 c6 16. c5 fxe4 17. Ndxe4 Nxe4 18. Nxe4 Bf5 19. Bd3 cxd5 20. Nxd6 e4 21.
Bxe4 Bg4 22. f3 Be6 23. Bd3 Nc6 24. Nxb7 Qh4 25. Qf2 Qh5 26. Re1 Ne5 27. Bb2 d4
28. Be4 Ra2 29. Ra1 Rxb2 30. Qxb2 Nc4 31. Qe2 Ne3 32. Nd6 Qe5 33. Ra8 Rxa8 34.
Bxa8 Bh6 35. g3 Bf8 36. Qd3 Bg7 37. Qe4 d3 38. Rxe3 Qa1+ 39. Re1 Bd4+ 40. Kh1
Qc3 41. Qxe6 d2 42. Qe8+ Kg7 43. Qf7+ Kh6 44. Qf4+ 1-0

[Event "Mitropa Cup 22nd"]
[Site "Pula"]
[Date "2003.05.24"]
[Round "8"]
[White "Balinov, Ilija"]
[Black "Libiszewski, Fabien"]
[Result "1-0"]
[WhiteElo "2446"]
[BlackElo "2369"]
[PlyCount "53"]
[EventDate "2003.05.17"]
[EventType "team-tourn"]
[EventRounds "9"]
[EventCountry "CRO"]
[Source "ChessBase"]
[SourceDate "2003.07.09"]

1. e4 e6 2. d4 d5 3. Nc3 Nf6 4. Bg5 Bb4 5. e5 h6 6. Bd2 Bxc3 7. bxc3 Ne4 8. Qg4
g6 9. Bc1 c5 10. Bd3 Nxc3 11. dxc5 Qa5 12. Bd2 Qa4 13. h3 h5 14. Qf3 Ne4 15.
Bxe4 Qxe4+ 16. Qxe4 dxe4 17. Bg5 Na6 18. Bf6 Rg8 19. c6 bxc6 20. O-O-O Bd7 21.
Ne2 Rb8 22. Nc3 Rb4 23. Rd6 Nc7 24. Re1 Nb5 25. Nxb5 Rxb5 26. c4 Rb7 27. Red1
1-0

[Event "Mitropa Cup 22nd"]
[Site "Pula"]
[Date "2003.05.24"]
[Round "8"]
[White "Borgo, Giulio"]
[Black "Loetscher, Roland"]
[Result "1-0"]
[WhiteElo "2425"]
[BlackElo "2378"]
[PlyCount "84"]
[EventDate "2003.05.17"]
[EventType "team-tourn"]
[EventRounds "9"]
[EventCountry "CRO"]
[Source "ChessBase"]
[SourceDate "2003.07.09"]

1. Nf3 c5 2. c4 g6 3. d4 Bg7 4. e4 cxd4 5. Nxd4 Nc6 6. Nb3 Nh6 7. Be2 O-O 8.
Nc3 f5 9. exf5 Nxf5 10. O-O d6 11. Bf3 Kh8 12. Be4 Be6 13. Bd5 Bd7 14. g4 Nh6
15. h3 e6 16. Bg2 Qe7 17. Be3 Ne5 18. Qe2 Bc6 19. Ne4 Nhf7 20. f4 Nd7 21. Rae1
Rfc8 22. Qd2 Nb6 23. Na5 Qc7 24. Bd4 e5 25. Bc3 Na4 26. Nxc6 Nxc3 27. Nxc3 bxc6
28. f5 gxf5 29. Rxf5 Rf8 30. Rh5 Kg8 31. Qd3 h6 32. Qg6 Ng5 33. Ne4 Nxe4 34.
Bxe4 Rf6 35. Qh7+ Kf8 36. g5 Qb6+ 37. Kh1 Qf2 38. Rg1 Rf7 39. gxh6 Bf6 40. Qg8+
Ke7 41. Qxa8 Qe2 42. Qb7+ Kf8 1-0

[Event "Mitropa Cup 22nd"]
[Site "Pula"]
[Date "2003.05.24"]
[Round "8"]
[White "Borisek, Jure"]
[Black "Doettling, Fabian"]
[Result "0-1"]
[WhiteElo "2422"]
[BlackElo "2520"]
[PlyCount "88"]
[EventDate "2003.05.17"]
[EventType "team-tourn"]
[EventRounds "9"]
[EventCountry "CRO"]
[Source "ChessBase"]
[SourceDate "2003.07.09"]

1. e4 c6 2. d4 d5 3. exd5 cxd5 4. c4 Nf6 5. Nc3 e6 6. Nf3 Bb4 7. Bd3 dxc4 8.
Bxc4 O-O 9. O-O b6 10. Bg5 Bb7 11. Ne5 Nc6 12. Bxf6 Qxf6 13. Nxc6 Bxc6 14. d5
Bxc3 15. dxc6 Bxb2 16. Rb1 Rac8 17. Qa4 Bd4 18. Ba6 Rc7 19. Bb7 a5 20. Rbd1 e5
21. Kh1 Rd8 22. Rd2 Qf4 23. Rfd1 Rd6 24. Qb3 g6 25. g3 Qe4+ 26. f3 Qf5 27. Kg2
h5 28. h4 Kg7 29. f4 Qf6 30. Qf3 Qe6 31. fxe5 Bxe5 32. Qe4 Rxd2+ 33. Rxd2 Re7
34. a4 Qb3 35. Qf3 Qxa4 36. Re2 Qc4 37. Re4 Qc5 38. Qe3 Qxe3 39. Rxe3 Kf6 40.
Kf3 a4 41. Ra3 b5 42. Ba6 Bb2 43. Re3 Rxe3+ 44. Kxe3 Be5 0-1

[Event "Mitropa Cup 22nd"]
[Site "Pula"]
[Date "2003.05.24"]
[Round "8"]
[White "Cornette, Matthieu"]
[Black "Fuchs, Georg"]
[Result "1/2-1/2"]
[WhiteElo "2325"]
[BlackElo "2244"]
[PlyCount "83"]
[EventDate "2003.05.17"]
[EventType "team-tourn"]
[EventRounds "9"]
[EventCountry "CRO"]
[Source "ChessBase"]
[SourceDate "2003.07.09"]

1. e4 e5 2. Bc4 Nc6 3. Nc3 Nf6 4. d3 Bc5 5. f4 d6 6. Nf3 a6 7. Nd5 Bg4 8. c3
O-O 9. b4 Ba7 10. f5 Ne8 11. h3 Bxf3 12. Qxf3 Kh8 13. f6 gxf6 14. Qh5 f5 15.
Bg5 f6 16. Bh6 Ng7 17. Bxg7+ Kxg7 18. Qxf5 b5 19. Bb3 a5 20. a3 a4 21. Ba2 Ne7
22. Qg4+ Kh8 23. Rf1 Nxd5 24. Bxd5 c6 25. Ba2 d5 26. Ke2 Qd6 27. Rf5 Rad8 28.
Raf1 Rg8 29. Qh4 dxe4 30. d4 Rxg2+ 31. Ke1 Rxa2 32. Rxf6 Ra1+ 33. Ke2 Ra2+ 34.
Ke1 Qe7 35. Rf8+ Rxf8 36. Qxe7 Ra1+ 37. Ke2 Rfxf1 38. Qxe5+ Kg8 39. Qg5+ Kf7
40. Qh5+ Ke6 41. Qe8+ Kd6 42. Qd8+ 1/2-1/2

[Event "Mitropa Cup 22nd"]
[Site "Pula"]
[Date "2003.05.24"]
[Round "8"]
[White "Flumbort, Andras"]
[Black "Tibensky, Robert"]
[Result "1-0"]
[WhiteElo "2439"]
[BlackElo "2438"]
[PlyCount "97"]
[EventDate "2003.05.17"]
[EventType "team-tourn"]
[EventRounds "9"]
[EventCountry "CRO"]
[Source "ChessBase"]
[SourceDate "2003.07.09"]

1. Nf3 d6 2. d4 Bg4 3. c4 c6 4. Nc3 Nd7 5. g3 Bxf3 6. exf3 g6 7. Be3 Bg7 8. Qd2
Ngf6 9. g4 h6 10. O-O-O d5 11. cxd5 Nxd5 12. Nxd5 cxd5 13. f4 h5 14. f5 gxf5
15. gxf5 Nf6 16. Bd3 Ne4 17. Bxe4 dxe4 18. d5 Qc8+ 19. Kb1 Qxf5 20. Rhg1 Bf6
21. Qb4 b6 22. d6 exd6 23. Rxd6 Rd8 24. Qa4+ Ke7 25. Rxd8 Rxd8 26. Qxa7+ Qd7
27. Qa3+ Ke6 28. Bxb6 Qd3+ 29. Qxd3 Rxd3 30. Be3 Be5 31. Kc2 f5 32. Rg6+ Kf7
33. Rg5 Kf6 34. Rxh5 f4 35. Bc5 Rd5 36. b4 Rd3 37. a4 Ra3 38. a5 Ke6 39. a6 e3
40. fxe3 fxe3 41. Kd1 Bxh2 42. b5 Ra1+ 43. Ke2 Bg1 44. Rg5 Ra2+ 45. Kf3 Rf2+
46. Ke4 e2 47. Bxf2 Bxf2 48. Re5+ Kd6 49. Kf3 1-0

[Event "Mitropa Cup 22nd"]
[Site "Pula"]
[Date "2003.05.24"]
[Round "8"]
[White "Gozzoli, Yannick"]
[Black "Kuba, Guenter"]
[Result "1-0"]
[WhiteElo "2431"]
[BlackElo "2307"]
[PlyCount "103"]
[EventDate "2003.05.17"]
[EventType "team-tourn"]
[EventRounds "9"]
[EventCountry "CRO"]
[Source "ChessBase"]
[SourceDate "2003.07.09"]

1. d4 d5 2. c4 Nc6 3. Nc3 dxc4 4. d5 Ne5 5. f4 Nd7 6. e4 Nb6 7. a4 a5 8. Be3 e6
9. Bxb6 cxb6 10. Bxc4 Bb4 11. Nf3 exd5 12. Qxd5 Qxd5 13. Bxd5 Nf6 14. O-O-O O-O
15. Ne5 Nxd5 16. Nxd5 Bc5 17. f5 f6 18. Nc4 b5 19. axb5 b6 20. Ncxb6 Bxb6 21.
Nxb6 Rb8 22. Rd6 Bb7 23. Re1 Rfe8 24. Nd5 Bxd5 25. Rxd5 Rbc8+ 26. Kb1 Rc4 27.
e5 fxe5 28. Rexe5 Rxe5 29. Rxe5 Rb4 30. Kc2 Kf7 31. Kc3 Kf6 32. Rd5 Kg5 33. g3
h6 34. b3 Kf6 35. b6 Rxb6 36. Rxa5 Rc6+ 37. Kb2 Rd6 38. Rc5 Rd2+ 39. Rc2 Rd8
40. Rf2 Rb8 41. Rf4 Re8 42. h4 h5 43. Rc4 Re2+ 44. Ka3 Re3 45. Rc6+ Kxf5 46.
Rc5+ Kf6 47. Rg5 g6 48. Ka4 Re6 49. b4 Ke7 50. Rd5 Re3 51. b5 Ke6 52. Rg5 1-0

[Event "Mitropa Cup 22nd"]
[Site "Pula"]
[Date "2003.05.24"]
[Round "8"]
[White "Huss, Andreas"]
[Black "Scalcione, Michelangelo"]
[Result "1-0"]
[WhiteElo "2347"]
[BlackElo "2366"]
[PlyCount "159"]
[EventDate "2003.05.17"]
[EventType "team-tourn"]
[EventRounds "9"]
[EventCountry "CRO"]
[Source "ChessBase"]
[SourceDate "2003.07.09"]

1. d4 Nf6 2. Nf3 g6 3. c4 Bg7 4. Nc3 O-O 5. e4 d6 6. Be2 e5 7. d5 a5 8. Be3 Na6
9. Nd2 Bd7 10. a3 Ne8 11. O-O f5 12. exf5 gxf5 13. f4 Bh6 14. Rf3 Qe7 15. Nf1
Nf6 16. fxe5 Bxe3+ 17. Nxe3 Qxe5 18. g3 Ne4 19. Ng2 Rae8 20. Nf4 Nac5 21. Qc2
a4 22. Rd1 Nb3 23. Re3 Re7 24. Bf3 Nbc5 25. Bg2 Rfe8 26. Nce2 Rg7 27. Nd4 Kh8
28. Nf3 Qe7 29. Rde1 Qf8 30. Qd1 Kg8 31. Nh5 Rg6 32. Nh4 Rg5 33. Nf4 Qf7 34.
Qe2 Nb3 35. Qd1 Nbc5 36. Rf1 Qg7 37. Nf3 Rg4 38. Qd4 Nb3 39. Qxg7+ Rxg7 40. Nh5
Rf7 41. Rfe1 Kf8 42. Nf4 Rfe7 43. Bf1 Ned2 44. Rxe7 Nxf3+ 45. Kf2 Rxe7 46. Rxe7
Kxe7 47. Kxf3 Nd2+ 48. Kf2 Kf6 49. Be2 Ne4+ 50. Ke3 Nc5 51. Ng2 Be8 52. Kf4 Nd7
53. Ne3 Bg6 54. h4 h6 55. h5 Bh7 56. Bd3 Nc5 57. Bc2 Bg8 58. Bxf5 Bf7 59. g4
Be8 60. Bc2 Bd7 61. Ng2 c6 62. Ne3 Bc8 63. Ng2 cxd5 64. cxd5 Bd7 65. Nh4 b5 66.
Nf3 Bc8 67. g5+ hxg5+ 68. Nxg5 Kg7 69. Kg3 Bd7 70. Kh4 Be8 71. Bd1 Nd3 72. Ne4
Nxb2 73. Nxd6 Bd7 74. Bc2 Kh6 75. Nf7+ Kg7 76. Ne5 Be8 77. Kg5 Nc4 78. h6+ Kh8
79. Nxc4 bxc4 80. Kf6 1-0

[Event "Mitropa Cup 22nd"]
[Site "Pula"]
[Date "2003.05.24"]
[Round "8"]
[White "Laznicka, Viktor"]
[Black "Brkic, Ante"]
[Result "0-1"]
[WhiteElo "2438"]
[BlackElo "2403"]
[PlyCount "82"]
[EventDate "2003.05.17"]
[EventType "team-tourn"]
[EventRounds "9"]
[EventCountry "CRO"]
[Source "ChessBase"]
[SourceDate "2003.07.09"]

1. e4 c5 2. Nf3 d6 3. d4 cxd4 4. Nxd4 Nf6 5. Nc3 a6 6. Be3 e6 7. f3 b5 8. g4 h6
9. Qd2 Bb7 10. O-O-O Nbd7 11. Bd3 Ne5 12. Kb1 Nfd7 13. Qf2 Rc8 14. Nce2 d5 15.
Ng3 Nc4 16. Rhe1 Qc7 17. f4 Nc5 18. Bc1 Na4 19. f5 Ncxb2 20. Bxb2 Nxb2 21. fxe6
Nxd1 22. Rxd1 Bc5 23. exd5 Bxd5 24. Qf5 Bxd4 25. Qxd5 Rd8 26. Qe4 Qc5 27. Re1
Qb4+ 28. Kc1 Bb2+ 29. Kb1 Qxe4 30. Bxe4 Bf6 31. Bb7 Rd6 32. exf7+ Kxf7 33. Nf5
Rd7 34. c4 bxc4 35. Bxa6 Rb8+ 36. Kc1 c3 37. Bc4+ Kf8 38. Bb3 Rd2 39. h4 Re8
40. Rxe8+ Kxe8 41. h5 Rg2 0-1

[Event "Mitropa Cup 22nd"]
[Site "Pula"]
[Date "2003.05.24"]
[Round "8"]
[White "Manik, Mikulas"]
[Black "Varga, Peter"]
[Result "1/2-1/2"]
[WhiteElo "2465"]
[BlackElo "2486"]
[PlyCount "129"]
[EventDate "2003.05.17"]
[EventType "team-tourn"]
[EventRounds "9"]
[EventCountry "CRO"]
[Source "ChessBase"]
[SourceDate "2003.07.09"]

1. e4 Nf6 2. e5 Nd5 3. d4 d6 4. Nf3 c6 5. h3 dxe5 6. Nxe5 Nd7 7. Nf3 g6 8. Bc4
N7f6 9. O-O Bg7 10. Bb3 O-O 11. c4 Nc7 12. Nc3 b6 13. Bf4 Bb7 14. Re1 Rc8 15.
Qe2 e6 16. Rad1 Nce8 17. Ne5 Qe7 18. c5 bxc5 19. dxc5 Nd5 20. Nxc6 Bxc6 21.
Nxd5 Bxd5 22. Rxd5 Qb7 23. Rg5 h6 24. Rg3 Rxc5 25. Rd3 Qb4 26. Bg3 a5 27. Rd8
Qb6 28. Red1 Nf6 29. Rxf8+ Bxf8 30. Be5 Bg7 31. Bd4 Qb5 32. Qf3 Rf5 33. Qa8+
Kh7 34. Qa7 Nd5 35. Bxg7 Kxg7 36. Qd4+ Kh7 37. g3 Qe2 38. Bc4 Qc2 39. Rd2 Qc1+
40. Kg2 Nb6 41. Bb3 Qc6+ 42. Kg1 Qc1+ 43. Rd1 Qc5 44. Qd2 a4 45. Bc2 Rd5 46.
Qe2 Re5 47. Qf3 Kg7 48. Bd3 Qb4 49. Rb1 Nd5 50. Bf1 h5 51. a3 Qc5 52. h4 Rf5
53. Qe2 Nf6 54. Bg2 Ng4 55. Rf1 Qd4 56. Bf3 Re5 57. Qd1 Qc5 58. Qd2 Nf6 59. Rc1
Qb6 60. Rc6 Qb3 61. Kg2 Rf5 62. Rc3 Qb6 63. Rc6 Qb3 64. Rc3 Qb6 65. Rc6 1/2-1/2

[Event "Mitropa Cup 22nd"]
[Site "Pula"]
[Date "2003.05.24"]
[Round "8"]
[White "Pavasovic, Dusko"]
[Black "Buhmann, Rainer"]
[Result "1/2-1/2"]
[WhiteElo "2584"]
[BlackElo "2526"]
[PlyCount "48"]
[EventDate "2003.05.17"]
[EventType "team-tourn"]
[EventRounds "9"]
[EventCountry "CRO"]
[Source "ChessBase"]
[SourceDate "2003.07.09"]

1. e4 e6 2. d4 d5 3. Nd2 c5 4. exd5 Qxd5 5. Ngf3 cxd4 6. Bc4 Qd6 7. O-O Nf6 8.
Nb3 Nc6 9. Nbxd4 Nxd4 10. Nxd4 a6 11. Re1 Bd7 12. Bb3 O-O-O 13. Be3 Qc7 14. Qe2
e5 15. Nf3 Bb5 16. c4 Bc6 17. Bc2 Ng4 18. Bf5+ Bd7 19. Qc2 Bxf5 20. Qxf5+ Qd7
21. Qc2 Qd3 22. Qa4 Qd7 23. Qc2 Qd3 24. Qa4 Qd7 1/2-1/2

[Event "Mitropa Cup 22nd"]
[Site "Pula"]
[Date "2003.05.24"]
[Round "8"]
[White "Petrik, Tomas"]
[Black "Balogh, Csaba"]
[Result "1/2-1/2"]
[WhiteElo "2387"]
[BlackElo "2471"]
[PlyCount "103"]
[EventDate "2003.05.17"]
[EventType "team-tourn"]
[EventRounds "9"]
[EventCountry "CRO"]
[Source "ChessBase"]
[SourceDate "2003.07.09"]

1. e4 c5 2. Nf3 d6 3. d4 cxd4 4. Nxd4 Nf6 5. Nc3 Nc6 6. Bc4 e6 7. Bb3 Be7 8.
O-O O-O 9. f4 d5 10. exd5 exd5 11. Kh1 Bc5 12. Be3 Bb6 13. Bg1 Re8 14. Qd3 Na5
15. Rae1 Nxb3 16. Nxb3 Bxg1 17. Kxg1 b6 18. Rxe8+ Qxe8 19. Nxd5 Nxd5 20. Qxd5
Ba6 21. Rd1 Qe3+ 22. Kh1 Re8 23. Qd4 Qe2 24. Qd2 Qxd2 25. Nxd2 Rd8 26. Re1 Kf8
27. Nb1 Rd4 28. g3 b5 29. Kg1 Bb7 30. Kf2 b4 31. c3 bxc3 32. Nxc3 h5 33. a3
Rd2+ 34. Re2 Rd3 35. Re3 Rd2+ 36. Re2 Rd3 37. Nb1 Rd1 38. Re1 Rd3 39. Re3 Rd1
40. Re1 Rd3 41. Rc1 h4 42. Rc3 Rd1 43. Rc7 Bh1 44. Nc3 Rd2+ 45. Ke3 Rxb2 46.
gxh4 Rxh2 47. Rxa7 Rh3+ 48. Kd4 Rxh4 49. Ke5 Rh5+ 50. Kd4 Rh4 51. Ke5 Rh5+ 52.
Kd4 1/2-1/2

[Event "Mitropa Cup 22nd"]
[Site "Pula"]
[Date "2003.05.24"]
[Round "8"]
[White "Schenk, Andreas"]
[Black "Lenic, Luka"]
[Result "1-0"]
[WhiteElo "2473"]
[BlackElo "2399"]
[PlyCount "120"]
[EventDate "2003.05.17"]
[EventType "team-tourn"]
[EventRounds "9"]
[EventCountry "CRO"]
[Source "ChessBase"]
[SourceDate "2003.07.09"]

1. d4 Nf6 2. c4 g6 3. Nc3 Bg7 4. e4 d6 5. Nf3 O-O 6. Be2 e5 7. O-O Nc6 8. d5
Ne7 9. b4 Nh5 10. Re1 f5 11. Ng5 Nf6 12. f3 h6 13. Ne6 Bxe6 14. dxe6 c6 15. b5
Qc7 16. Qb3 Rfd8 17. Ba3 h5 18. Rad1 c5 19. exf5 Nxf5 20. Nd5 Nxd5 21. cxd5
Rac8 22. Bc4 Qe7 23. Qd3 Rf8 24. Bc1 Kh7 25. Re4 Bh6 26. Bb2 Rcd8 27. Bc3 Qg5
28. Bd2 Qe7 29. Bc3 Qg5 30. Bd2 Qe7 31. Ba5 b6 32. Bc3 Bf4 33. Be1 Rde8 34. Qa3
Qg5 35. Bf2 Re7 36. Bf1 h4 37. Qd3 Nd4 38. Be2 Rc7 39. a4 Rfc8 40. Qc4 Nf5 41.
Qc3 Kg8 42. Bc4 Rh7 43. Qe1 Rf8 44. Rd3 Kg7 45. a5 Kh8 46. axb6 axb6 47. Ra3
Nd4 48. Qd1 Nf5 49. Qe1 Bd2 50. Qd1 h3 51. g3 Bb4 52. Ra6 Ba5 53. f4 exf4 54.
Qa1+ Kg8 55. Rxf4 Rh4 56. Qc1 Bc3 57. Bd3 Be5 58. Rc4 Qh5 59. e7 Re8 60. Bxf5
Qxf5 1-0

[Event "Mitropa Cup 22nd"]
[Site "Pula"]
[Date "2003.05.24"]
[Round "8"]
[White "Stevic, Hrvoje"]
[Black "Simacek, Pavel"]
[Result "1-0"]
[WhiteElo "2550"]
[BlackElo "2417"]
[PlyCount "83"]
[EventDate "2003.05.17"]
[EventType "team-tourn"]
[EventRounds "9"]
[EventCountry "CRO"]
[Source "ChessBase"]
[SourceDate "2003.07.09"]

1. e4 e5 2. Nf3 Nc6 3. Bb5 a6 4. Ba4 Nf6 5. Qe2 b5 6. Bb3 Be7 7. O-O O-O 8. c3
d5 9. d3 d4 10. Nbd2 Nh5 11. Nb1 Nf6 12. Rd1 Bc5 13. Bg5 Re8 14. Bd5 Qd6 15.
Bxc6 Qxc6 16. cxd4 Bxd4 17. Nxd4 exd4 18. Rc1 Qd6 19. Bxf6 Qxf6 20. Rxc7 Qf4
21. Rc5 Bg4 22. Qd2 Qxd2 23. Nxd2 Be2 24. Nb3 Bxd3 25. f3 Red8 26. Na5 Kf8 27.
Nc6 Rac8 28. b4 Re8 29. Rd1 Bc4 30. Rxd4 Rc7 31. a3 Rec8 32. Rd6 f6 33. Kf2 Bf7
34. Ke3 Be8 35. Nd4 Rxc5 36. bxc5 Ke7 37. Nf5+ Kf8 38. Rxa6 Rxc5 39. Ra8 Rc6
40. Kd4 Re6 41. f4 Kf7 42. Rxe8 1-0

[Event "Mitropa Cup 22nd"]
[Site "Pula"]
[Date "2003.05.24"]
[Round "8"]
[White "Vokac, Marek"]
[Black "Zelcic, Robert"]
[Result "1/2-1/2"]
[WhiteElo "2484"]
[BlackElo "2540"]
[PlyCount "145"]
[EventDate "2003.05.17"]
[EventType "team-tourn"]
[EventRounds "9"]
[EventCountry "CRO"]
[Source "ChessBase"]
[SourceDate "2003.07.09"]

1. d4 Nf6 2. c4 e6 3. Nf3 Bb4+ 4. Bd2 a5 5. g3 d6 6. Bg2 Nbd7 7. O-O e5 8. Bc3
Qe7 9. a3 Bxc3 10. Nxc3 O-O 11. e3 c6 12. b4 Nb6 13. c5 axb4 14. axb4 Rxa1 15.
Qxa1 exd4 16. exd4 Nbd5 17. Re1 Qc7 18. Nxd5 Nxd5 19. Qb1 h6 20. Nd2 dxc5 21.
Bxd5 cxd5 22. bxc5 Qa5 23. Qb2 Qa6 24. Kg2 Be6 25. Re3 Re8 26. Qa3 Qc6 27. Nf3
Qb5 28. Ng1 Qc4 29. Ne2 Bd7 30. Qc3 Qa6 31. Rxe8+ Bxe8 32. Nf4 Bb5 33. Kg1 Qa4
34. h4 Qd1+ 35. Kh2 Bc6 36. Qe3 Qg4 37. Qe2 Qf5 38. Qe3 g5 39. hxg5 hxg5 40.
Nh3 f6 41. f3 Bd7 42. Nf2 Qc2 43. g4 Kf7 44. Kg3 Qb1 45. Kg2 Bb5 46. f4 Qf1+
47. Kf3 gxf4 48. Kxf4 Qg2 49. Qf3 Qxf3+ 50. Kxf3 Bd7 51. Kf4 Ke7 52. Nd1 Kf7
53. Ne3 Bc6 54. Nf5 Ke6 55. Nh6 Be8 56. Nf5 Bc6 57. Ne3 Kf7 58. g5 fxg5+ 59.
Kxg5 Ke6 60. Ng4 Ba4 61. Ne5 Bc2 62. Ng6 Kd7 63. Nf4 Kc6 64. Kf6 b6 65. cxb6
Bb3 66. Ke5 Kxb6 67. Kd6 Kb7 68. Nxd5 Kc8 69. Ne7+ Kd8 70. Nc6+ Kc8 71. Na5 Ba2
72. Kc6 Kd8 73. d5 1/2-1/2

[Event "Mitropa Cup 22nd"]
[Site "Pula"]
[Date "2003.05.25"]
[Round "9"]
[White "Balogh, Csaba"]
[Black "Borgo, Giulio"]
[Result "1/2-1/2"]
[WhiteElo "2471"]
[BlackElo "2425"]
[PlyCount "110"]
[EventDate "2003.05.17"]
[EventType "team-tourn"]
[EventRounds "9"]
[EventCountry "CRO"]
[Source "ChessBase"]
[SourceDate "2003.07.09"]

1. e4 e6 2. d4 d5 3. Nd2 dxe4 4. Nxe4 Nd7 5. Nf3 Ngf6 6. Nxf6+ Nxf6 7. g3 b6 8.
Ne5 Bb7 9. Bb5+ c6 10. Qf3 Rc8 11. Bxc6+ Bxc6 12. Nxc6 Qd7 13. Ne5 Qxd4 14. Qe2
Bb4+ 15. Kf1 Qd5 16. Nf3 O-O 17. Kg2 Qe4 18. Qxe4 Nxe4 19. c3 Bc5 20. Re1 Nf6
21. Ne5 h6 22. Be3 Rfd8 23. Rad1 Bxe3 24. fxe3 Rd5 25. Rxd5 exd5 26. Kf3 Kf8
27. Rd1 Ke7 28. Rd4 Ke6 29. Nd3 g5 30. Nf2 Rc4 31. Ng4 Ng8 32. Nf2 f5 33. Ke2
Ne7 34. Kd3 b5 35. b3 Rc7 36. g4 fxg4 37. Rxg4 Nc6 38. Rg2 b4 39. Nd1 Ne5+ 40.
Kc2 Nf3 41. Rf2 g4 42. Kd3 a5 43. h3 bxc3 44. Nxc3 Ne5+ 45. Kc2 h5 46. hxg4
hxg4 47. a3 Rh7 48. Ne2 Nf3 49. Kd3 Ke5 50. b4 axb4 51. axb4 Ra7 52. Nc3 Ra3
53. b5 Ng5 54. Ra2 Rb3 55. Kc2 Rb4 1/2-1/2

[Event "Mitropa Cup 22nd"]
[Site "Pula"]
[Date "2003.05.25"]
[Round "9"]
[White "Brkic, Ante"]
[Black "Huss, Andreas"]
[Result "0-1"]
[WhiteElo "2403"]
[BlackElo "2347"]
[PlyCount "122"]
[EventDate "2003.05.17"]
[EventType "team-tourn"]
[EventRounds "9"]
[EventCountry "CRO"]
[Source "ChessBase"]
[SourceDate "2003.07.09"]

1. d4 e6 2. Nf3 Nf6 3. c4 b6 4. g3 Ba6 5. b3 Bb4+ 6. Bd2 Be7 7. Nc3 c6 8. e4 d5
9. Qc2 dxe4 10. Nxe4 c5 11. dxc5 Bb7 12. Bd3 bxc5 13. Bc3 Nbd7 14. O-O-O Qc7
15. Rhe1 h6 16. Bb2 Nxe4 17. Bxe4 Bf6 18. Bxb7 Qxb7 19. Ne5 Nxe5 20. Bxe5 Bxe5
21. Rxe5 Rc8 22. f4 O-O 23. Qc3 Rfd8 24. Rd2 Qh1+ 25. Kb2 Rd4 26. Rxd4 cxd4 27.
Qd2 Rd8 28. Re1 Qf3 29. c5 d3 30. Rc1 f6 31. c6 e5 32. c7 Rc8 33. Ka3 Qd5 34.
fxe5 fxe5 35. Qb4 e4 36. Qc4 Qxc4 37. Rxc4 d2 38. Rd4 Rxc7 39. Rxd2 Kf7 40. Re2
Re7 41. Kb2 Kf6 42. Kc1 Ke5 43. Rc2 Rd7 44. Rd2 Rf7 45. Kd1 e3 46. Rc2 Rf1+ 47.
Ke2 Rf2+ 48. Kd3 Rxc2 49. Kxc2 Ke4 50. Kd1 Kd3 51. h4 Kc3 52. Ke2 Kb2 53. h5
Kxa2 54. Kxe3 Kxb3 55. Ke4 a5 56. Kf5 a4 57. Kg6 a3 58. Kxg7 a2 59. Kxh6 a1=Q
60. Kh7 Qe5 61. g4 Qg5 0-1

[Event "Mitropa Cup 22nd"]
[Site "Pula"]
[Date "2003.05.25"]
[Round "9"]
[White "Buhmann, Rainer"]
[Black "Balinov, Ilija"]
[Result "1/2-1/2"]
[WhiteElo "2526"]
[BlackElo "2446"]
[PlyCount "101"]
[EventDate "2003.05.17"]
[EventType "team-tourn"]
[EventRounds "9"]
[EventCountry "CRO"]
[Source "ChessBase"]
[SourceDate "2003.07.09"]

1. d4 Nf6 2. c4 e6 3. g3 c5 4. Nf3 cxd4 5. Nxd4 Bb4+ 6. Nd2 Qc7 7. a3 Qxc4 8.
N4f3 Bxd2+ 9. Bxd2 Nc6 10. Bg2 d5 11. Bc3 Bd7 12. O-O O-O 13. Rc1 Qb5 14. b4
Ne4 15. Ba1 Rfd8 16. Nd2 Nd6 17. e4 d4 18. Nf3 e5 19. Rc5 Qb6 20. Nxe5 Nxe5 21.
Rxe5 Nb5 22. Rc5 a5 23. e5 axb4 24. axb4 Bc6 25. Bxc6 bxc6 26. Qc1 Rac8 27. Rd1
Qb7 28. Qc4 Qd7 29. Rd2 Ra8 30. Bb2 Ra6 31. Kg2 Rb6 32. Qd3 Qe6 33. f4 g6 34.
Rf2 Rd5 35. Rc4 Qf5 36. Qxf5 gxf5 37. Rd2 Ra6 38. Bxd4 Ra8 39. Kf2 Rad8 40. Ke3
h5 41. Rd3 Kh7 42. Rd2 Kg6 43. Rd3 R8d7 44. Rd2 h4 45. gxh4 Kh5 46. Rd1 Rd8 47.
Rd2 R8d7 48. Rd1 Rd8 49. Rd2 R8d7 50. Rd1 Rd8 51. Rd2 1/2-1/2